000 00521nam a2200193Ia 4500
003 OSt
005 20250530151629.0
008 210210b1981 xxu||||| |||| 00| 0 eng d
040 _cAL
041 _aKannada
082 _aK894.3 TANH
100 _aTANUJA
_dತನುಜಾ
_9211882
245 _aHennu samsarada kannu
_bಹೆಣ್ಣು ಸಂಸಾರದ ಕಣ್ಣು
260 _aBengaluru
_bHemanta Sahitya
_c1981
300 _a160
690 _aKannada Fiction
_9211883
906 _a036382
942 _2ddc
_cBK
999 _c86749
_d86749